Cuando los que escuchan hablan : conversaciones con grandes psicoanalistas /

Shranjeno v:
Bibliografske podrobnosti
Glavni avtor: Gilio, María Esther (autor)
Format: Knjiga
Jezik:španščina
Izdano: Montevideo, Uruguay : Estuario, 2023, c2023
Izdaja:2a edición
Serija:(Estuario Ensayo)
Teme:
Oznake: Označite
Brez oznak, prvi označite!

MARC

LEADER 00000nam^a2200000^a^4500
001 000579390
005 20250815000000.0
009 20260310132528.321
020 |a 978-9915-675-03-9 
037 |a Acervo ITESO - Biblioteca 
041 |a ESP 
082 |a 150. 195  |b GIL 
100 |a Gilio, María Esther  |e (autor) 
245 1 0 |a Cuando los que escuchan hablan :  |b conversaciones con grandes psicoanalistas /  |c M.E. Gilio. 
250 |a 2a edición 
264 4 |a Montevideo, Uruguay :  |b Estuario,  |c 2023, c2023 
300 |a 283 p. 
336 |a texto  |b txt  |2 rdacontenido 
337 |a sin mediación  |b n  |2 rdamedio 
338 |a volumen  |b nc  |2 rdasoporte 
440 1 |a (Estuario Ensayo) 
521 |a FIL 2023 DIA 
585 |a Exposición DIA 2025-01 / El universo del saber: explorando nuevas ideas 
649 |a XX 
650 |a Psicoanalistas -  |x Entrevistas -  |x Tema Principal 
650 |a Psicoanálisis -  |x Técnica 
650 |a Psicoanálisis -  |x Teoría 
650 |a Psicoanálisis 
650 |a Psicología 
650 |a Altounian, Janine 
650 |a Benvenutti, Lito 
650 |a Bleichmar, Silvia 
650 |a Botella, César 
650 |a Davoine, Françoise 
650 |a Gaudillière, Jen Max 
650 |a Gil, Daniel 
650 |a Hernández, Max 
650 |a Jeammet, Philippe 
650 |a Laplanche, Jean 
650 |a Marty, Françoise 
650 |a Miller, Jacques-Alain 
650 |a Nenykar, Mordechai 
650 |a Roazen, Paul 
650 |a Rodrigué, Emilio 
650 |a Roudinesco, Elisabet 
650 |a Winograd, Benzión 
650 |a Yuan, Teresa 
910 |a Fondo General 
920 |a Impresos - Libros 
930 |a Colección General 
905 |a 101 
901 |a 0500405974  |b IT1  |c ACC  |i C184989  |u 20250521 
902 |a https://opac.biblio.iteso.mx/vufind/Record/000579390